The Theosophist (Record no. 2295)

MARC details
000 -LEADER
campo de control de longitud fija 00798nas a2200229 i 4500
001 - NÚMERO DE CONTROL
campo de control 2295
003 - IDENTIFICADOR DE NÚMERO DE CONTROL
campo de control ES-MaACL
005 - FECHA Y HORA DE LA ÚLTIMA TRANSACCIÓN
campo de control 20250728100638.0
008 - DATOS DE LONGITUD FIJA--INFORMACIÓN GENERAL
campo de control de longitud fija 950801c1879 ii | | 1 ||ng d
080 ## - NÚMERO DE LA CLASIFICACIÓN DECIMAL UNIVERSAL
Número de la Clasificación Decimal Universal 141.332
245 04 - MENCIÓN DEL TÍTULO
Título The Theosophist
Resto del título : a magazine of brotherhood oriental philosophy, art, literature and occultism /
Mención de responsabilidad, etc. edited by Annie Besant.
260 ## - PUBLICACIÓN, DISTRIBUCIÓN, ETC.
Lugar de publicación, distribución, etc. Adyar, Madras, India :
Nombre del editor, distribuidor, etc. Theosophical Publishing House,
Fecha de publicación, distribución, etc. 1879- (
Fabricante A.K. Sitarana Shastri)
300 ## - DESCRIPCIÓN FÍSICA
Extensión v ;
Dimensiones 25 cm.
310 ## - PERIODICIDAD ACTUAL
Periodicidad actual Mensual
362 0# - FECHAS DE PUBLICACIÓN Y/O DESIGNACIÓN SECUENCIAL
Fecha de publicación y/o designación secuencial V. I (oct. 1879-)
650 #7 - PUNTO DE ACCESO ADICIONAL DE MATERIA--TÉRMINO DE MATERIA
Término de materia o nombre geográfico como elemento de entrada Teosofía
Fuente del encabezamiento o término embne
9 (RLIN) 17478
700 1# - ENTRADA AGREGADA--NOMBRE PERSONAL
Nombre de persona Besant, Annie (
Fechas asociadas al nombre 1874-1933)
9 (RLIN) 28566
700 1# - ENTRADA AGREGADA--NOMBRE PERSONAL
Nombre de persona Arundale, George S.,
Término indicativo de función/relación
9 (RLIN) 227638
852 ## - LOCALIZACIÓN
Ubicación ES-MaACL
Número de control de estantería Z-136
Encuadernación Olim: Hem-1401
866 #1 - MENCIÓN TEXTUAL DE FONDOS--UNIDAD BIBLIOGRÁFICA BÁSICA
Fondos (1934)(1935f.oct.-dic.).
Holdings
Estatus retirado Estado de pérdida Estado de daño No para préstamo Colección Biblioteca de origen Biblioteca actual Ubicación en estantería Fecha de adquisición Fuente de adquisición Total de préstamos Signatura topográfica completa Código de barras Visto por última vez Precio de reemplazo Tipo de ítem Koha
        Periódicos y Revistas Biblioteca del Ateneo de Madrid Biblioteca del Ateneo de Madrid Depósito Z 17/01/2008     Z-136 1002336 23/02/2023 23/02/2023 Revista